[Event "British Universities-ch"]
[Site "Chess.com INT"]
[Date "2022.03.05"]
[Round "6.3"]
[White "Yanamandra, Aditya"]
[Black "Warner, Rowan"]
[Result "1-0"]
[WhiteElo "1818"]
[BlackElo "1863"]
[PlyCount "67"]
[EventDate "2022.03.05"]
[EventType "swiss"]
[EventRounds "9"]
[EventCountry "ENG"]
[SourceTitle "EXT 2023"]
[Source "ChessBase"]
[SourceDate "2022.10.05"]
[SourceVersion "1"]
[SourceVersionDate "2022.10.05"]
[SourceQuality "1"]
[WhiteTeam "Exeter II"]
[BlackTeam "Warwick (Rooks) IV"]
[WhiteTeamCountry "ENG"]
[BlackTeamCountry "ENG"]

1. d4 d5 2. c4 e6 3. Nc3 Nf6 4. Bf4 c6 5. e3 Nbd7 6. Nf3 Be7 7. Rc1 0-0 8. Be2 h6 9. 0-0 Re8 10. h3 c5 11. dxc5 Nxc5 12. cxd5 Nxd5 13. Nxd5 Qxd5 14. Qxd5 exd5 15. Rfd1 Be6 16. Nd4 Rac8 17. Bf3 Bf6 18. b3 Red8 19. Nb5 a6 20. Nd6 Rc7 21. Nxf7 Rxf7 22. Rxc5 Be7 23. Rc7 b5 24. Rc6 Bf5 25. Bxd5 Rxd5 26. Rxd5 Be4 27. Rc8+ Kh7 28. Re5 Bb1 29. Rc7 Rxf4 30. Rexe7 Rf8 31. Rxg7+ Kh8 32. Rge7 Rg8 33. e4 Bxa2 34. Rh7# 1-0